Tilastot visalle Väkirikkaimmat Tyynenmeren valtiot

Klikkaa tästä pelataksesi tätä visaa!

Yleistilastot

  • Tätä visaa on pelattu 328 kertaa
  • Keskiarvotulos 13 / 15

Vastaustilastot

VäkilukuValtio% Oikein
1 439 milKiina
97%
274 milIndonesia
96%
127 milJapani
96%
331 milYhdysvallat
94%
97 milVietnam
88%
129 milMeksiko
87%
110 milFilippiinit
87%
38 milKanada
87%
146 milVenäjä
83%
51 milEtelä-Korea
83%
70 milThaimaa
79%
32 milMalesia
76%
33 milPeru
75%
51 milKolumbia
69%
26 milPohjois-Korea
68%

Tulosjakauma

Persentiili vastausten määrän mukaan

Jokaisen tuloksen saaneiden osuus

Tuloshistoriasi

Et ole pelannut tätä visaa